000 00670nam a2200229Ia 4500
003 OSt
005 20230509141533.0
008 210423s2009 xx 000 0 und d
020 _a978-0-521-12178-1
040 _cAL
041 _aeng
082 _a428.07 CHAS
100 _aCHAUDRON (Craig)
_9101025
245 _aSecond language classrooms: research on teaching and learning
260 _aNew Delhi
_bCambridge University Press
_c2009
300 _axvii, 221p
_bPB
365 _b295
_cINR
650 _aEnglish Language
_9101026
650 _aLanguage
_9101027
906 _aclassrooms: ; language ; learning ; research ; Second ; teaching
942 _2ddc
_cBK
999 _c165672
_d165672